[Event "Corus Wijk aan Zee"]
[Site " Wijk aan Zee"]
[Date "2007.01.14"]
[Round "2"]
[White "GM Svidler, Peter (RUS)"]
[Black "GM Tiviakov, Sergey (NED)"]
[Result "1-0"]
[WhiteElo "2728"]
[BlackElo "2667"]
[Annotator "Ðîìàí Âèëÿâèí "]
[PlyCount "129"]
[EventDate "2007.01.??"]
[EventType "tourn"]
[EventCountry "NED"]
[EventCategory "19"]
[Source "CrestBook.com"]

1. e4 d5 2. exd5 Qxd5 3. Nc3 Qd6 4. d4 Nf6 5. Nf3 a6 {# Ïðèíöèïèàëüíûõ
äîíåëüçÿ ïàðíåé íà äàííîì òóðíèðå óæå òðîå! Ñâèäëåð ñ Ãðþíôåëüäîì, Ðàäæàáîâ
ñî Ñòàðóøêîé è âîò òåïåðü Ñåðãåé Òèâÿêîâ ñî ñâîåé Ñêàíäèíàâêîé.} ({
"Èíîå ïðîäîëæåíèå, êîòîðîå ÿ ðåãóëÿðíî óïîòðåáëÿþ -} 5... c6 {ß èñïûòûâàë åãî
ïðîòèâ Àíàíäà è Ãðèùóê. Çäåñü íè÷åãî ñòðàøíîãî òàêæå íå ïðîèñõîäèò..." (Ñ.
Òèâÿêîâ)}) 6. g3 Bg4 7. h3 ({Â íåäàâíåé ïàðòèè íà Îëèìïèàäå â Òóðèíå â ïàðòèè
òåõ æå ñîïåðíèêîâ Ñâèäëåð ïðèìåíèë íîâèíêó ïîñëå} 7. Bg2 c6 {-} 8. Bf4 $1 {
è ïîëó÷èë ñåðüåçíûé ïåðåâåñ ïîñëå} Qd8 9. h3 Bxf3 10. Qxf3 e6 11. O-O-O {
, õîòÿ â ïîñëåäóþùåé áîðüáå ÷åðíûì óäàëîñü óñòîÿòü: Svidler,P (2743)
-Tiviakov,S (2669)/Turin 2006 (27)}) 7... Bh5 8. Bg2 Nc6 {
×åðíûå íàðàùèâàþò äàâëåíèå íà ïóíêò d4.} 9. O-O O-O-O 10. Bf4 ({
Ñëèøêîì ñêðîìíî} 10. Be3 e5 11. dxe5 Nxe5 12. Nxe5 $5 (12. Qxd6 $11) 12... Bxd1
13. Nxf7 Bxc2 14. Nxd6+ Bxd6 15. Rac1 Bg6 16. Na4 Be4 17. Nb6+ Kb8 18. Nc4 Bxg2
19. Kxg2 {1/2-1/2 Van den Doel,E (2587)-Tiviakov,S (2678)/Leeuwarden 2005.})
10... Qb4 11. g4 ({Ðèñêîâàííî âûãëÿäèò} 11. d5 $6 e5 (11... e6 $5) 12. Bd2 e4
13. Nxe4 Qxe4 14. dxc6 Qxc6 15. g4 Bg6 {è ÷åðíûå ñòîÿò ìèíèìóì íå õóæå:
Khairullin,I (2533)-Lysyj,I (2523)/Cheboksary 2006/1/2-1/2 (37)}) 11... Bg6 12.
a3 Qc4 $146 ({Î÷åâèäíî â ãëóáèíàõ âàðèàíòà} 12... Qxb2 {Ïåòð çàãîòîâèë
óñèëåíèå. Ñåðãåé ðåøèë íå èñêóøàòü ñóäüáó è, êàê íîðìàëüíûé ãåðîé, ïîéòè â
îáõîä.} {Ïîäîçðåâàþ ÷òî çàãîòîâêà áûëà ïðèìåðíî òàêîé:} 13. Qd2 ({
ðàíåå âñòðå÷àëîñü} 13. Qe1 {
Caruana,F (2381)-Strikovic,A (2498)/Lorca 2005/1/2-1/2 (38)}) 13... Qxc2 14.
Qxc2 Bxc2 15. Ne5 Nxe5 16. dxe5 Nd7 17. Rfc1 Bg6 18. e6 $1 Nc5 19. Nd5 $1 Nxe6
20. Bxc7 Nxc7 21. Rxc7+ Kb8 22. Rac1 {è ÷åðíûì íåïðîñòî çàùèùàòüñÿ.}) 13. g5
$1 {Ôåðçü çàâÿç â ïó÷èíå, êîðîëåâñêèé ôëàíã íåäîðàçâèò... Íå ïîçèöèÿ, à
êàòàñòðîôà!} Nd5 14. Nxd5 Rxd5 15. c3 $1 {Îòëè÷íûé õîä - âî-ïåðâûõ áåëûå
ðåøàþò ïðîáëåìó ïåøêè d4, âî-âòîðûõ åùå áîëåå îãðàíè÷èâàþò êîíÿ c6,
â-òðåòüèõ - ãîòîâÿòñÿ ïîñëå Re1 è Bf1 îòêðûòü ñåçîí îõîòû íà ÷åðåñ÷óð
ðàçâèòîãî ôåðçÿ.} Rd8 16. b3 Qd3 ({Ïåøêó áðàòü íåëüçÿ:} 16... Qxc3 17. Rc1 Qb2
18. Ne5 $1 Rxd4 {#} 19. Nxc6 $3 Rxd1 20. Nxe7+ $1 Kb8 (20... Bxe7 21. Rxc7+) (
20... Kd7 21. Rcxd1+ $1 Ke8 22. Nc6 $3) 21. Rfxd1 Bxe7 22. Rxc7 Bxg5 23. Rxb7+
Ka8 24. Rb8+ Ka7 25. Rd7#) 17. Qc1 Qc2 18. Qe3 e6 ({Ìàëî ðàäîñòè è â âàðèàíòå} 
18... Qxb3 19. d5 $1 Qxd5 20. Ne5) ({Õóæå è â îêîí÷àíèè ïîñëå} 18... Qd3 19.
Ne5 Qxe3 20. fxe3) 19. b4 Qe4 20. Nd2 Qxe3 21. fxe3 {Ó ÷åðíûõ ìàëî
ïðîñòðàíñòâà è ñëàáîñòü íà f7, òàêæå ÿâíî õóæå ðàñïîëîæåíû ôèãóðû. Íå ïîíèìàþ
Ðûáêó ñòàâÿùóþ çäåñü ðàâåíñòâî!} e5 $2 {
Â êîíå÷íîì âñêðûòèå ëèíèè áóäåò âûãîäíåå áåëûì, êîòîðûå ëó÷øå ðàçâèòû.} ({
Êàïàáëàíêà ó÷èë â òàêèõ ñèòóàöèÿõ ïîòèõîíüêó óïðîùàòüñÿ:} 21... Bd6 22. Ne4
Bxf4 23. Rxf4 Ne7 {è ò.ä.}) 22. Bg3 exd4 23. cxd4 $1 {Äóìàþ óæå çäåñü Ñåðãåé
ïîæàëåë î ïðåäïðèíÿòîé îïåðàöèè - âñêðûòèå ëèíèè "c" ãðîçèò íåïðèÿòíîñòÿìè
÷åðíîìó êîðîëþ.} ({Êîíå÷íî íå øàáëîííîå} 23. exd4 $2) 23... Bd6 24. Bxd6
cxd6 {Ïðèõîäèòñÿ} (24... Rxd6 25. Nc4 Rdd8 26. Bxc6 bxc6 27. Ne5 $16) 25. Rac1
Kd7 26. Nc4 {Áåëûìè èãðàòü ëåãêî è ïðèÿòíî - ôèãóðû ñàìè ñîáîé ïðîíèêàþò â
ëàãåðü ñîïåðíèêà.} h6 {Íà÷èíàÿ ñ ýòîãî ìîìåíòà ïðîøó îáðàòèòü âíèìàíèå íà
çàìå÷àòåëüíóþ ðàáîòó Òèâÿêîâà â çàùèòå. Îí ïðàêòè÷åñêè ñäåëàë íè÷üþ!} 27.
Nb6+ Ke8 28. gxh6 Rxh6 29. Nd5 ({
Ìîæíî áûëî îòâÿçàòü ñëîíà îò çàùèòû ïåøêè ïóòåì} 29. Kh2 $5) 29... f6 30. a4
Bf7 31. b5 $6 {Âîçìîæíî íåòî÷íîñòü.} ({Ìíå êàæåòñÿ ÷òî ñèëüíåå áûëî} 31. Nc7+
Ke7 32. Nxa6 $1 {è íà} Nxd4 {-} 33. Rc7+ Rd7 34. exd4 bxa6 35. Rc6 {
ñ áîëüøèì ïåðåâåñîì.}) 31... axb5 32. axb5 Na5 33. Ra1 Nc4 34. Ra7 Rh5 ({
Íå ïîëó÷àåòñÿ óïåðåòüñÿ ëáîì ïóòåì} 34... Rb8 {ââèäó} 35. Nc7+ Kd8 36. Bxb7 $1
Nxe3 37. Rf3 Nc2 38. Na6 Rxb7 39. Rxb7 Bd5 40. Rb8+ $18) 35. Nc7+ Kf8 36. Bxb7
Rxh3 37. Rf3 {Íóæíî ðàçìåíÿòü ýòó íå â ìåðó àêòèâíóþ ëàäüþ!} Rh5 $1 {Íå äàåò!
} 38. Bc6 {Ïåøêà "b" óæå ãîòîâà îòïðàâèòüñÿ â òóðíå ê ïîëþ b8.} Rb8 39. Rg3
Nb6 40. e4 Nc8 41. Ra1 Rh4 ({
Øàíñû ñîñêî÷èòü íà íè÷üþ ñîõðàíÿëè ÷åðíûå è ïîñëå} 41... Ne7 $5 {, íàïðèìåð
} 42. Rga3 (42. Na6 Nxc6 43. bxc6 Rc8) 42... Nxc6 43. bxc6 Rg5+ (43... Rb2 $4
44. Ra8+ Ke7 45. Nd5+ Bxd5 46. R1a7+ Ke6 47. Re8#) 44. Kf2 Rb2+ 45. Ke3 Rg3+
46. Kf4 Rgg2 $1 {è ñïàñåíèå óæå áèçêî.}) 42. Na6 Rb6 43. Nb4 Rb8 44. Rga3 Nb6
45. Ra7 d5 $1 {Ñåðãåé âñå âðåìÿ íàõîäèò íîâûå îáîðîíèòåëüíûå ðåñóðñû!} 46. Na6
({È ïîñëå} 46. Nxd5 Bxd5 47. exd5 Rxd4 48. Kf2 Rd8 (48... Nxd5 $2 49. Rd7 $1
Rf4+ 50. Kg3) 49. Ke3 Rb4 {÷åðíûå äåðæàòñÿ.}) 46... Rd8 47. Rb7 Nc4 48. Nc5 {
Áåëûå ãîòîâû çàëåçòü íà 7-þ äâóìÿ íîãàìè.} dxe4 $2 {Â øàãå îò öåëè!} ({
Íå âèæó âûèãðûøà áåëûõ ïîñëå ïðàâèëüíîãî} 48... Nd6 $1 {Íàïðèìåð:} 49. Rd7 ({
âèëàìè ïî âîäå} 49. Rxf7+ Kxf7 50. Bxd5+ Kg6 51. b6 Rdh8) 49... Rxd7 50. Nxd7+
Ke7 51. e5 Nf5 {è êàæåòñÿ âñå â ïîðÿäêå.}) 49. Raa7 Rg4+ 50. Kh2 Nd6 51. Rxf7+
$1 Nxf7 52. Ne6+ Kg8 53. Nxd8 {è áåëûå áëàãîïîëó÷íî ðåàëèçîâàëè ëèøíåãî ñëîíà.
} Ng5 54. Bd5+ Kh7 55. Ne6 Nf3+ 56. Kh3 f5 {Âîçìîæíî Ñåðãåé ðàññ÷èòûâàë
ïðèñòðîèòü áåëîìó êîðîëþ âå÷íûé øàõ, îäíàêî ïîñëåäîâàëî} 57. Rxg7+ $1 {
è ìå÷òû ðàññåÿëèñü. Ïåøêà "b" ðåøàåò èñõîä ïàðòèè.} Rxg7 58. Nxg7 Nxd4 (58...
Kxg7 59. b6) 59. b6 e3 60. Kg2 Nc2 61. Kf1 Nb4 62. b7 Na6 63. Nxf5 Kg6 64. Ne7+
Kf6 65. Nc6 {Îò Bc4 çàùèòû íåò.} 1-0

[Event "Corus Wijk aan Zee"]
[Site " Wijk aan Zee"]
[Date "2007.01.14"]
[Round "2"]
[White "GM Radjabov, Teimour (AZE) "]
[Black "GM Karjakin, Sergey (UKR)"]
[Result "1/2-1/2"]
[WhiteElo "2729"]
[BlackElo "2678"]
[Annotator "Ðîìàí Âèëÿâèí "]
[PlyCount "155"]
[EventDate "2007.01.??"]
[EventType "tourn"]
[EventCountry "NED"]
[EventCategory "19"]
[Source "CrestBook.com"]

1. d4 Nf6 2. c4 e6 3. Nf3 b6 4. g3 Ba6 5. b3 Bb4+ 6. Bd2 Be7 7. Bg2 c6 8. Bc3
d5 9. Ne5 Nfd7 10. Nxd7 Nxd7 11. Nd2 O-O 12. O-O Rc8 13. e4 b5 14. Re1 dxe4 15.
Nxe4 bxc4 16. Qe2 Rb8 {#} 17. Nc5 $146 ({Ïîçèöèÿ äëÿ Ñåðãåÿ íå íîâà - â Ôîðîñå
îí óæå îòáèâàëñÿ çäåñü â ïàðòèè ñ Øèðîâûì, ïðè÷åì íåóäà÷íî:} 17. Bf1 Bb4 18.
Qd2 Qa5 19. Bxb4 Qxb4 20. Qf4 Rbd8 21. Rab1 Qa3 $6 22. bxc4 Nb6 23. Rbc1 {
è â äàëüíåéøåì Àëåêñåþ óäàëîñü ðåàëèçîâàòü ñâîå ïðåèìóùåñòâî: Shirov,A (2699)
-Karjakin,S (2661)/Foros 2006/1-0 (35)}) 17... Qc8 ({Íåõîðîøî} 17... Nxc5 18.
dxc5 Bxc5 19. Qe5 $1 Qf6 20. Qxf6 gxf6 21. Bxf6 {ñ áîëüøèì ïðåèìóùåñòâîì.}) 18.
bxc4 Bf6 (18... Nxc5 19. dxc5 {
ïîçâîëÿëî áåëûì ïðÿìîé íàâîäêîé àòàêîâàòü ïóíêò g7.}) 19. Ne4 Be7 20. Rac1 Re8
21. Ba1 {Áåëûé îòâîäÿò ñâîè ñèëû íà çàðàíåå ïîäãîòîâëåííûå ïîçèöèè.} Qc7 22.
Qd2 Bb4 23. Bc3 Ba3 ({Ê ñîæàëåíèþ, îáìåí íà ñ3 íå ðåøàåò âñåõ ïðîáëåì:} 23...
Bxc3 24. Rxc3 {è åñëè} c5 {òî} 25. d5 $1 exd5 26. cxd5 Qe5 27. Ra3 {
ñ ïåðåâåñîì.}) 24. Rc2 {Òîæå íåïëîõî.} ({Ñèëüíî áûëî è ïðîìåæóòî÷íîå} 24. Ba5
$5 Qb7 (24... Bxc1 25. Rxc1 $1 Qb7 26. Nd6) {è òåïåðü} 25. Rc3 $1 {
Ìíå íå óäàëîñü íàéòè ðàâåíñòâî:} Bb4 26. Bxb4 Qxb4 27. Rb3 (27. a3 $5) (27. c5
$5) 27... Qxd2 28. Nxd2 {
, è ÷¸ðíûå âûíóæäåíû ïåðåéòè ê ïàññèâíîé çàùèòå ñâîèõ ïåøåê.}) 24... Bf8 {
Ïîçèöèÿ ÷¸ðíûõ âíóøàåò òðåâîãó. Ê òîìó ïîñëåäîâàëî} 25. d5 $1 exd5 26. cxd5
cxd5 27. Bxg7 $1 {×òî, ÷¸ðíûå ðàçãðîìëåíû? Îòíþäü!} Qxc2 $1 {Ëó÷øèé øàíñ.}
28. Qxc2 Bxg7 29. Qc6 dxe4 30. Qxa6 Nf6 31. Qxa7 ({
Ìîæåò íå ñòîèëî òîðîïèòüñÿ êóøàòü ýòó ïåøêó?} 31. a4) 31... Ra8 32. Qb7 Rxa2
33. Bxe4 Nxe4 34. Rxe4 Rxe4 35. Qxe4 {Ïîçèöèÿ ïðåäåëüíî óïðîñòèëàñü, îäíàêî
ðàñïîëîæåíèå ïåøåê íà îäíîì ôëàíãå ïîçâîëèëî ÷¸ðíûì óäåðæàòüñÿ íà êðàþ
ïðîïàñòè, íåñìîòðÿ íà ÿâíóþ íåõâàòêó ìàòåðèàëà. Äåëî, â êîíöå êîíöîâ ñâåä,òcz
ê ýíäøïèëþ «ëàäüÿ ñ ïåøêîé ïðîòèâ ôåðçÿ ñ ïåøêîé».} h6 36. h4 Rd2 37. Qe8+
Bf8 38. Kg2 Rd6 39. Qe5 Re6 40. Qf5 Be7 41. Kh3 Bf8 42. f4 Be7 43. Kg2 Rb6 44.
Qh5 Re6 45. Kf3 Rb6 46. Qg4+ Kf8 47. Qh5 Kg7 48. Qd5 Ra6 49. Kg4 Ra3 50. Kh3
Bf6 51. Kg2 Rc3 52. Qf5 Ra3 53. Qg4+ Kh7 54. Qh5 Kg7 55. Qd5 Rc3 56. h5 Re3 57.
g4 Re6 58. g5 hxg5 59. fxg5 Bxg5 {Ñëîíà ÷¸ðíûå ñìåëî îòäàþò, èáî ïîñëå...} 60.
Qxg5+ Kh7 {...ìîæíî, äëÿ ëó÷øåãî ïîíèìàíèÿ ïîñëåäóþùèõ ñîáûòèé è ñ áîëüøîé
ïîëüçîé ïðîöèòèðîâàòü Ìàðêà Èçðàèëåâè÷à Äâîðåöêîãî: «Ó ëàäüè èìåþòñÿ äâà
áåçîïàñíûõ ïîëÿ: å6 è h6, ïîýòîìó áåëûå íå â ñèëàõ ñîçäàòü öóãöâàíã. Çàùèòà
íåñëîæíà - âàæíî òîëüêî íå óñòóïàòü ôåðçþ ïîëå f8 è íå äîïóñêàòü h5-h6»
(«Ó÷åáíèê ýíäøïèëÿ Ìàðêà Äâîðåöêîãî», 2006, ñòð. 334).} 61. Kf3 Rh6 62. Qf5+
Kg7 63. Qe5+ Kh7 64. Qe4+ Kg7 65. Qd4+ Kh7 66. Kg4 Re6 67. Kg5 Rh6 68. Qc4 Kg7
69. Qa2 Re6 70. Qa1+ Kh7 71. Kf5 Rh6 72. Qa2 Kg7 73. Qb2+ Kh7 74. Qc3 Re6 75.
Kg5 Rh6 76. Qc4 Kg7 77. Qxf7+ Kxf7 78. Kxh6 {Õîòÿ ýòîò ýíäøïèëü íå òàê ïðîñò
êàê êàçàëîñü íà ïåðâûé âçãëÿä...  Ñìþ https://kasparovchess.crestbook.com/
viewtopic.php?id=1240 è äàëåå.} 1/2-1/2

[Event "Corus Wijk aan Zee"]
[Site " Wijk aan Zee"]
[Date "2007.01.14"]
[Round "2"]
[White "GM Topalov, Veselin (BUL)"]
[Black "GM van Wely, Loek (NED)"]
[Result "1-0"]
[WhiteElo "2783"]
[BlackElo "2676"]
[Annotator "Ðîìàí Äîáðîíîâñêèé "]
[PlyCount "69"]
[EventDate "2007.01.??"]
[EventType "tourn"]
[EventCountry "NED"]
[EventCategory "19"]
[Source "CrestBook.com"]

{Ïðåäûäóùàÿ ïàðòèÿ ìåæäó ýòèìè æå ïðîòèâíèêàìè â Âåéê-àí-Çåå 2006 çàâåðøèëàñü
áëåñòÿùåé ïîáåäîé áîëãàðèíà. Êàê è áîëüøèíñòâî ïðåäûäóùèõ âñòðå÷ ìåæäó íèìè
(åñëè âåðèòü âñåâåäóùåé Ìåãàáàçå 19:4 - òîëüêî ðåçóëüòàòèâíûå ïàðòèè ñ ëþáûì
êîíòðîëåì, ïðè÷,ì â "êëàññèêå" ãîëëàíäåö íå âûèãðûâàë íè ðàçó ïðè òð,õ
ïîðàæåíèÿõ). Ê ÷åìó ÿ âåäó? Äà íè ê ÷åìó ñîáñòâåííî, ïðîñòî èíòåðåñíàÿ
ñòàòèñòèêà...} 1. e4 c5 2. Nf3 d6 3. d4 cxd4 4. Nxd4 Nf6 5. Nc3 a6 {Ãîä çà ãîäî
ì Âàí Âåëè áåçóñïåøíî ïðîâåðÿåò â Âåéê-àí-Çåå âàðèàíò Íàéäîðôà ñ ïðèçíàííûìè
øàõìàòíûìè áîåâèêàìè: Êàñïàðîâûì, Ìîðîçåâè÷åì, Ñóòîâñêèì, Òèììàíîì, è âîò
òåïåðü Òîïàëîâûì. Ïîäîáíàÿ ïðèíöèïèàëüíîñòü ïðè âåñüìà ñêðîìíûõ ðåçóëüòàòàõ
çàñëóæèâàåò êàê ìèíèìóì óâàæåíèÿ. «Ëó÷øå óìåðåòü ñòîÿ â ñèöèëèàíêå, ÷åì
ïðîñòîÿòü âñþ ïàðòèþ íà êîëåíÿõ, ñêàæåì â ðóññêîé ïàðòèè», - òàêîâ
ïî-âèäèìîìó øàõìàòíûé äåâèç Ëþêà Âàí Âåëè. À ðÿäîâîé áîëåëüùèê äîëæåí áûòü
áëàãîäàðåí ãîëëàíäöó çà ìàññó êðàñèâûõ ïàðòèé, ïðîèãðàííûõ èì â ýòîì âàðèàíòå.
Êðàñèâî ïðîèãðàòü òîæå íóæíî óìåòü!} 6. Be3 e5 7. Nb3 Be7 8. Qd2 $5 {Íåñêîëüêî 
íåîáû÷íûé ïîðÿäîê õîäîâ, èçáðàííûé áåëûìè èìååò ñâîè ïëþñû: ïåøêà f ìîæåò
ïîéòè ñðàçó íà f4, â îòâåò, ñêàæåì íà 8...Bå6. Íåîáÿçàòåëüíî òàê, íî ÷¸ðíûå
äîëæíû ó÷èòûâàòü è ýòó âîçìîæíîñòü.} ({«Ïðèâû÷íåå»} 8. f3) 8... O-O 9.
O-O-O b5 10. f3 Be6 11. Nd5 $5 {Ñðàâíèòåëüíî ñâåæåå ïðîäîëæåíèå. Â ïðèíöèïå,
ïî ìîòèâàì êàæäîãî õîäà áåëûõ èëè ÷¸ðíûõ ìîæíî íàïèñàòü ìîíîãðàôèþ, íî íå
îòâëåêàÿñü íà äåòàëè çàìå÷ó ëèøü, ÷òî ïîñëå 10 õîäà íà äîñêå âîçíèêëà âåñüìà
àêòóàëüíàÿ ïîçèöèÿ. Ïîñëåäíèé õîä áåëûõ - äåáþòíàÿ ðåäêîñòü, ïðàêòè÷åñêè íå
âñòðå÷àâøàÿñÿ íà âûñîêîì óðîâíå.} ({Ìàññà êîïèé ñëîìàíà â äðóãîé âåòêå -} 11.
g4 b4 12. Nd5 Bxd5 13. exd5 a5 14. Kb1 a4 15. Nc1 {. Ïîñëåäíèå ïàðó ëåò
ãðîññìåéñòåðû íå æàëóþò ýòîò âàðèàíò áåëûì öâåòîì è ýòî ïîíÿòíî: íà ôåðçåâîì
ôëàíãå óæå ïûëàåò ïîæàð, â òî âðåìÿ êàê íà êîðîëåâñêîì áåëûå ïîêà íè÷åãî íå
ñîçäàëè.}) 11... Bxd5 12. exd5 Qc7 {Â ÷,ì ïðèíöèïàëüíîå îòëè÷èå ïðîäîëæåíèÿ
â ïàðòèè îò ïðèâåä,ííîãî âûøå âàðèàíòà? Çäåñü äëÿ ïîäãîòîâêè ïåøå÷íîãî øòóðìà
òðåáóåòñÿ íåñêîëüêî áîëüøå âðåìåíè, êðîìå òîãî ñåðü¸çíî îñëàáëåí ïóíêò ñ6,
êóäà èç ñâîåãî äàëåêà ïîñìàòðèâàåò áåëûé êîíü.} ({Íà åñòåñòâåííîå} 12... Nbd7 {
äîâîëüíî íåïðèÿòíî ïðîñòîå} 13. Na5 {
ïðîñêàêèâàÿ íà ñ6. Î÷åíü íåïðîñòî àòàêîâàòü ñ òàêîé çàíîçîé â òåëå!}) 13. g4
Rc8 14. Kb1 b4 $146 15. g5 (15. Qxb4 $4 Qxc2+) 15... Nfd7 16. h4 {Ïîäîçðåâàþ,
÷òî ïî÷òè âñå ýòè æå õîäû, Âåñåëèí äåëàë áû áåëûìè è èãðàÿ â áëèö. Íî -
ñîëèäíûé òóðíèð, ñîëèäíûå ëþäè è ãðîññìåéñòåðû ïîäîëãó çàäóìûâàþòñÿ íàä
î÷åâèäíûìè õîäàìè...} a5 17. Bh3 a4 18. Nc1 Na6 {Ñ ïîòåðåé íåñêîëüêèõ
íåìàëîâàæíûõ òåìïîâ ïîçèöèÿ ÷¸ðíûõ óæå íå ñòîëü ïðèâëåêàòåëüíà.} 19. h5 Rcb8
20. g6 Bf6 21. gxf7+ Kxf7 22. Be6+ Kf8 $2 {
Çàãàäî÷íîå ðåøåíèå, ñïîñîáíîå ïîñòàâèòü â òóïèê êîììåíòàòîðà.} ({
Äîëãî ñìîòðåë íà ïîçèöèþ, íî òàê è íå ïîíÿë, ÷åì õóæå åñòåñòâåííîå} 22... Ke7
$5) 23. b3 $5 {Ïëîòíûé õîä, ïàðèðóþùèé ãëàâíóþ óãðîçó ÷¸ðíûõ.} ({
Äðóãàÿ ïåðñïåêòèâíàÿ èäåÿ -} 23. Qd3 $5 {
, íà ÷òî áîëãàðñêîãî ãðîññìåéñòåðà ñìóùàëî, ïî-âèäèìîìó} b3 $1 24. cxb3 ({
Î òîì, ÷òî óãðîçû ÷¸ðíûõ - íå ïóñòîé çâóê ãîâîðèò õîòÿ áû âàðèàíò} 24. axb3
$2 axb3 25. Nxb3 e4 $1 26. Qxe4 Nac5 27. Bxc5 Nxc5 28. Qxh7 Nxe6 29. dxe6 Qa7
30. Rde1 Qa2+ 31. Kc1 Qxb2+ 32. Kd1 Rxb3 $1) 24... axb3 25. Nxb3 e4 $1 ({
À íàäî ñ÷èòàòüñÿ è ñ} 25... Nac5 $5 26. Qxh7 Qa7 27. Qg8+ Ke7 28. Qf7+ Kd8 29.
Qxd7+ $1 ({Ñîâñåì ñëàáî} 29. Nc1 Qa3 (29... Rxb2+ 30. Kxb2 e4+ 31. Bd4 Rb8+ 32.
Nb3 Bxd4+ 33. Rxd4 Nxb3 34. Rb4 $1 (34. axb3 Qxd4+ {è ÷¸ðíûå ìàòóþò.}) 34...
Rxb4 35. axb3 {- ó ÷¸ðíûõ, ïî-âèäèìîìó åñòü òîëüêî âå÷íûé øàõ.}) 30. b3 {
è çäåñü ìåëêàÿ ó÷åáíàÿ òàêòèêà -} Rxb3+ $1 31. axb3 Qa1+ 32. Kc2 Ra2+ {
ñ ðåøàþùåé àòàêîé.}) 29... Qxd7 30. Bxd7 Nxd7 {- çäåñü åù¸ èãðàòü è èãðàòü.})
26. Qxe4 Nac5 27. Qxh7 {. Òåïåðü, î÷åâèäíî, ÷òî ÷¸ðíûå äîëæíû ÷òî-òî
æåðòâîâàòü. Î, òóò ó íèõ îãðîìíûé âûáîð -} Rxb3 $1 ({
Î÷åíü çàìàí÷èâî ñìîòðèòñÿ} 27... Rxa2 $5 28. Kxa2 Qb7 29. Rd3 Qa6+ 30. Kb1
Qxd3+ 31. Qxd3 Nxd3 32. Kc2 {è ìàòåðèàë äîëæåí ñêàçàòüñÿ.}) ({
Íà åñòåñòâåííîå ñ âèäó} 27... Nxb3 $2 {Ðåøàåò íåîæèäàííîå} 28. Bg5 $3) ({
Ëþáîïûòíî è} 27... Nxe6 $5 28. dxe6 Qa5 $3 {
Ê ñîæàëåíèþ èëëþçèè áûñòðî ðàçâåèâàåò ïðîçàè÷åñêîå} 29. Qh8+ (29. Nxa5 $2
Rxb2+ 30. Ka1 Rd2+ {ñ âå÷íûì øàõîì, ïîñêîëüêó ïëîõî} 31. Kb1 Rb2+ 32. Kc1 $4
Rc8+) 29... Ke7 30. Nxa5 Rxb2+ 31. Kc1 Rxh8 32. exd7 {è áåëûå äîëæíû ïîáåäèòü})
28. axb3 Qa5 {è óæå âèäíî, ÷òî ÷¸ðíûå, íàëàäèâ âçàèìîäåñòâèå ôèãóð, êàê
ìèíèìóì íå ïðîèãðûâàþò ñðàçó.} 29. Kc2 Qa2 30. Rb1 Qxb3+ 31. Kd2 Re8 32. h6
Nxe6 33. dxe6 Rxe6 34. Qd3) 23... Ndc5 24. Rhg1 $1 {
Áåëûå ïîäêëþ÷àþò ê èãðå ïîñëåäíþþ áåçäåéñòâóþùóþ ôèãóðó.} Qe7 25. Bf5
Kg8 $2 {Óäèâèòåëüíàÿ îøèáêà, ãóáÿùàÿ ïëîäû óïîðíîé îáîðîíû. ×¸ðíûå ãðóáûì
çåâêîì îòäàþò âñ¸ è ñðàçó!} ({Ñëèøêîì ïðîâîêàöèîííî âûãëÿäèò} 25... h6 $5 {
õîòÿ ïîñëå} 26. Bxh6 $5 e4 {áåëûå äîëæíû âèäåòü} (26... gxh6 27. Qxh6+ Bg7 28.
Qh7 {, è ÷¸ðíûå áåñïîìîùíû.}) 27. Rxg7 $3 Bxg7 28. Rg1 $1 {
ñ ðåøàþùèìè óãðîçàìè.}) ({Ìíå êàæåòñÿ, ñëåäîâàëî èçáðàòü} 25... e4 $1 {
(ñ èäååé ïåðåâåñòè ôåðçÿ ïî ìàðøðóòó å7-å5-b2 è âñåðü¸ç íàïóãàòü áåëîãî êîðîëÿ)
. Ñåé÷àñ, ïî ãîðÿ÷èì ñëåäàì ñïàñàëèñü ÷¸ðíûå èëè íåò (ïî ìåðå àíàëèçà ìíå
âñ¸ áîëüøå íà÷èíàëà íðàâèòüñÿ ïîçèöèÿ ÷¸ðíûõ...), íî î÷åâèäíî, ÷òî ýòî áûë
áû íåïëîõîé øàíñ.}) 26. Bxc5 Nxc5 27. Qh6 $1 {
Áåëûé ôåðçü ìãíîâåííî íàùóïûâàåò òî÷êó ïðîðûâà.} Kf8 28. Qxh7 {
Ãðîçèò ìàò â äâà õîäà.} Qf7 29. Nd3 axb3 30. cxb3 Nxd3 31. Rxd3 $1 {Æ,ñòêèé õîä
øàõìàòíîãî ïðîôåññèîíàëà: áåëûå ñîõðàíÿþò ÿñíîå ïðåèìóùåñòâî, íå äàâàÿ
ïðîòèâíèêó íåíóæíûõ øàíñîâ.} ({Âðÿä ëè Òîïàëîâ âèäåë ôàíòàñòè÷åñêóþ ïîçèöèþ,
âîçíèêàâøóþ ïîñëå ôîðñèðîâàííîãî} 31. Be6 $5 Qa7 32. Qg8+ Ke7 33. Rxg7+ (33.
Qf7+ Kd8) 33... Bxg7 34. Qxg7+ Kd8 35. Qf8+ Kc7 36. Qe7+ Kb6 37. Qxd6+ Ka5 $1 {
Áëèçîê ëîêîòü, à íå óêóñèøü! Ñîâåðøåííî ëèøåííûé ïåøå÷íîãî ïðèêðûòèÿ êîðîëü,
ïðîøàãàâøèé âñþ äîñêó íàõîäèò òèõîå óáåæèùå íà à5.  Àíàëèç ìîæíî ïðîäîëæèòü
(ó áåëûõ åäèíñòâåííûé õîä-} 38. Qc6 {Âàðèàíòû, íåò ñëîâ, èíòåðåñíûå, íî óæå è
ñåé÷àñ ÿñíî, ÷òî êàê ë,ãêîé è êîìôîðòíîé ïîáåäû áåëûì â ýòîì âàðèàíòå íå
âèäàòü.} (38. Rxd3 Qg1+ 39. Kb2 Qf2+ 40. Kb1 Qf1+ 41. Kc2 Rc8+ $1 {
è âî èçáåæàíèå áûñòðîãî ìàòà áåëûì íàäî îòäàâàòü ôåðçÿ.})) 31... e4 {Ïîçäíî!}
32. Be6 $1 ({Íå ïî-÷åìïèîíñêè èãðàòü} 32. fxe4 $6 Rxa2 33. Qh8+ Qg8 34. Qxg8+
Kxg8 35. Rxg7+ Kxg7 36. Kxa2 Ra8+ {
, è äàæå 2 ëèøíèå ïåøêè íå îáåùàþò ñóùåñòâåííîãî ïåðåâåñà.}) 32... exd3 33.
Bxf7 $1 {Ñàìîå ïðîñòîå: ìàòà íåò, à çíà÷èò, ìîæíî ñìåëî ñäàâàòüñÿ.} ({
Âûèãðûâàëî òàêæå} 33. Rc1 $1) 33... Rxa2 {Ïîñëåäíÿÿ âåñüìà õðóïêàÿ íàäåæäà.}
34. Qg8+ $1 ({Êîíå÷íî, íå} 34. Kxa2 $4 Ra8+ 35. Kb1 Ra1# {.}) 34... Ke7 35.
Kxa2 {. Ïîëå à8 çàùèùåíî, ìàòà íåò è ÷¸ðíûå ñ ÷èñòîé ñîâåñòüþ ñäàëèñü.} 1-0